000 00779nam a22002417a 4500
003 CBULib
005 20240118143236.0
008 240112b |||||||| |||| 00| 0 eng d
040 _aCBULib
_bEnglish
_cCBULib
_erda
041 _aeng
050 _aCBU-PG THESIS/MUB
100 _aMubanga, Charles
245 _aPerception of physics teachers towards creativity in teaching and learning wave motion in Mansa
_c/ by Charles Mubanga
260 _bCopperbelt University,
_c2021
_aKitwe:
300 _axii, 62 pages : illustrations
336 _2rdacontent
_aText |
_btxt
337 _2rdamedia
_aUnmediated |
_bn
338 _2rdacarrier
_aVolume
_bnc
504 _aIncludes references
650 0 _9121
_aPHYSICS
650 0 _91784
_aCREATIVITY- TEACHERS
942 _2lcc
_c030
999 _c83983
_d83983